| 000 | 00487nam a2200145 4500 | ||
|---|---|---|---|
| 001 | 119937 | ||
| 003 | ES-MaACL | ||
| 007 | t| | ||
| 008 | 070214s1972 sp r ||||1| spa d | ||
| 100 | 1 |
_aPérez Rodríguez, Gabriel. _991116 |
|
| 245 | 1 | 0 |
_aJosué en la historia de la salvación _b: historia, género literario, mensaje religioso / _cGabriel Pérez Rodríguez. |
| 260 |
_aMadrid : _bLa Casa de la Biblia, _c1972. |
||
| 300 |
_a415 p. ; _c21 cm. |
||
| 852 |
_aES-MaACL _jE-7768 _bR.91758 |
||
| 999 |
_c119937 _d119937 |
||